[Event "Power Solutions Arctic Chess NGP 2026"]
[Site "UiT Campus Alta"]
[Date "2026.02.20"]
[Round "4"]
[White "Solbu, August"]
[Black "Nielsen, André Z."]
[Result "1/2-1/2"]
[WhiteElo "1949"]
[BlackElo "2301"]
[PlyCount "95"]
[EventDate "2026.??.??"]

1. e4 c6 2. d4 d5 3. exd5 cxd5 4. Bd3 Nc6 5. c3 e6 6. Bf4 Bd6 7. Bxd6 Qxd6 8.
Nf3 Nge7 9. O-O O-O 10. Qc2 g6 11. Qe2 f6 12. Re1 Bd7 13. c4 Nb4 14. Nc3 Nxd3
15. Qxd3 dxc4 16. Qxc4 Rac8 17. Qb3 Qb6 18. Qa3 Nf5 19. Rad1 Nd6 20. Nd2 Qa6
21. Qxa6 bxa6 22. Nb3 Nb7 23. Rc1 Kf7 24. f3 Rfd8 25. Ne4 Bc6 26. Nec5 Nxc5 27.
Rxc5 Bd5 28. Rxc8 Rxc8 29. Rc1 Rc4 30. Rxc4 Bxc4 31. Nc1 a5 32. Kf2 Ke7 33. Ke3
Kd6 34. b3 Bd5 35. Nd3 a4 36. Nc5 axb3 37. axb3 g5 38. g3 h5 39. h4 gxh4 40.
gxh4 Kc6 41. f4 Kb5 42. Kd3 Kb4 43. Kc2 a5 44. Na6+ Ka3 45. Nc5 Kb4 46. Na6+
Ka3 47. Nc5 Kb4 48. Na6+ 1/2-1/2

[Event "Power Solutions Arctic Chess NGP 2026"]
[Site "UiT Campus Alta"]
[Date "2026.02.20"]
[Round "4"]
[White "Hunt, Harriet V."]
[Black "Hagesather, Arne"]
[Result "1-0"]
[WhiteElo "2289"]
[BlackElo "2016"]
[PlyCount "103"]
[EventDate "2026.??.??"]

1. e4 c6 2. Nf3 d5 3. Nc3 dxe4 4. Nxe4 Nf6 5. Qe2 Nxe4 6. Qxe4 Nd7 7. Bc4 e6 8.
O-O Nf6 9. Qe2 Be7 10. d4 O-O 11. Bb3 c5 12. Rd1 cxd4 13. Nxd4 Qa5 14. Bd2 Qh5
15. Qxh5 Nxh5 16. Be3 a6 17. a4 h6 18. Nf3 Nf6 19. Ne5 Ne4 20. c3 Bd6 21. Nc4
Bc5 22. Bxc5 Nxc5 23. Bc2 Rb8 24. Nb6 e5 25. Rd5 Ne6 26. Rxe5 Rd8 27. Rd1 Kf8
28. g3 Rxd1+ 29. Bxd1 Nd8 30. Bf3 f6 31. Rc5 Be6 32. Rc7 Kg8 33. Kg2 Bf5 34. g4
Be6 35. Kg3 f5 36. h3 g5 37. gxf5 Bxf5 38. Bd5+ Kh8 39. b4 Ne6 40. Rxb7 Rf8 41.
Nd7 Rc8 42. Rb8 Rxb8 43. Nxb8 Nc7 44. Bc4 Bc8 45. h4 gxh4+ 46. Kxh4 Kg7 47. a5
Kf6 48. Kh5 Ke5 49. Nc6+ Ke4 50. Nd4 Nd5 51. f3+ Ke5 52. Nc6+ 1-0

[Event "Power Solutions Arctic Chess NGP 2026"]
[Site "UiT Campus Alta"]
[Date "2026.02.20"]
[Round "4"]
[White "Solbakken, Mikkel D."]
[Black "Bruaset, Eivind"]
[Result "0-1"]
[WhiteElo "1934"]
[BlackElo "2215"]
[PlyCount "98"]
[EventDate "2026.??.??"]

1. e4 e6 2. d4 d5 3. Nc3 Nf6 4. e5 Nfd7 5. Nce2 c5 6. c3 Nc6 7. h4 Qa5 8. a3
cxd4 9. b4 Bxb4 10. cxb4 Nxb4 11. axb4 Qxa1 12. Nf3 d3 13. Ned4 Nxe5 14. Nxe5
Qxd4 15. Nxd3 O-O 16. Be3 Qc3+ 17. Qd2 Qa1+ 18. Qd1 Qxd1+ 19. Kxd1 a5 20. b5 a4
21. Kc2 Ra5 22. Bc5 Re8 23. Nf4 Bd7 24. Bb4 Rc8+ 25. Kb1 Raa8 26. Bd3 a3 27.
Ka2 e5 28. Ne2 e4 29. Bb1 Bxb5 30. Nd4 Rc4 31. Bc3 Rxc3 32. Nxb5 Rc5 33. Nxa3
Rca5 34. Rh3 f5 35. Kb2 Kf7 36. Rb3 R8a7 37. Nb5 R7a6 38. Nc7 Rc6 39. Rxb7 Kf6
40. Ba2 Ke5 41. Nxd5 Rxa2+ 42. Kxa2 Kxd5 43. Kb2 Rg6 44. g3 e3 45. Rb5+ Kc4 46.
Rxf5 e2 47. Re5 Kd3 48. Rd5+ Ke4 49. Rd7 Re6 0-1

[Event "Power Solutions Arctic Chess NGP 2026"]
[Site "UiT Campus Alta"]
[Date "2026.02.20"]
[Round "4"]
[White "Skaar, Ben S. G."]
[Black "Sivaparan, Isai"]
[Result "1/2-1/2"]
[WhiteElo "2152"]
[BlackElo "1983"]
[PlyCount "83"]
[EventDate "2026.??.??"]

1. d4 Nf6 2. c4 e6 3. Nf3 Bb4+ 4. Bd2 a5 5. g3 d6 6. Bg2 Nbd7 7. O-O e5 8. e3
Bxd2 9. Nbxd2 O-O 10. Qc2 Re8 11. Rad1 Qe7 12. e4 c6 13. Rfe1 b5 14. b3 Bb7 15.
Nf1 b4 16. Re2 Ra6 17. Bh3 g6 18. Bxd7 Nxd7 19. dxe5 dxe5 20. Qd2 Nf8 21. Ne3
Raa8 22. Qb2 f6 23. Red2 Rad8 24. Rxd8 Rxd8 25. Rxd8 Qxd8 26. Qd2 Qe7 27. h4 h5
28. Qd3 Ne6 29. Nc2 Kg7 30. Ne3 Nc5 31. Qc2 Bc8 32. Ne1 Qd6 33. f3 Ne6 34. Qd3
Nd4 35. Kf2 Qc5 36. Kg2 Kf7 37. N1c2 Nxc2 38. Nxc2 Ke7 39. Qd2 Be6 40. Qd3 Bd7
41. Qd2 Be6 42. Qd3 1/2-1/2

[Event "Power Solutions Arctic Chess NGP 2026"]
[Site "UiT Campus Alta"]
[Date "2026.02.20"]
[Round "4"]
[White "Johnsen, Kjell M."]
[Black "Hagesather, Ellen"]
[Result "1/2-1/2"]
[WhiteElo "1930"]
[BlackElo "2145"]
[PlyCount "83"]
[EventDate "2026.??.??"]

1. d4 f5 2. Bf4 Nf6 3. e3 b6 4. h3 Bb7 5. Nf3 e6 6. Be2 Be7 7. O-O O-O 8. c4 h6
9. Bh2 d6 10. Nc3 Nbd7 11. b4 a6 12. Qb3 Ne4 13. Nxe4 fxe4 14. Nd2 Nf6 15. Qc2
Rc8 16. f3 exf3 17. Bxf3 Bxf3 18. Rxf3 c5 19. bxc5 bxc5 20. Qd3 d5 21. Raf1 Qd7
22. Be5 Nh7 23. Qg6 Bg5 24. cxd5 exd5 25. dxc5 Rxf3 26. Rxf3 Rxc5 27. Qxa6 Qe8
28. Bd4 Rc1+ 29. Nf1 Bf6 30. Qd3 Ng5 31. Rf2 Ne4 32. Rc2 Rxc2 33. Qxc2 Qb5 34.
Bxf6 Nxf6 35. Nd2 Qe2 36. Qc8+ Kf7 37. Qc3 h5 38. a3 Qe1+ 39. Kh2 Ng4+ 40. hxg4
Qh4+ 41. Kg1 Qe1+ 42. Kh2 1/2-1/2

[Event "Power Solutions Arctic Chess NGP 2026"]
[Site "UiT Campus Alta"]
[Date "2026.02.20"]
[Round "4"]
[White "Paranichev, Miron"]
[Black "Verbin, Valentina"]
[Result "0-1"]
[WhiteElo "1901"]
[BlackElo "2140"]
[PlyCount "128"]
[EventDate "2026.??.??"]

1. f4 d5 2. Nf3 g6 3. g3 Bg7 4. Bg2 Nf6 5. O-O O-O 6. d3 c5 7. Ne5 Qd6 8. e4
dxe4 9. dxe4 Qxd1 10. Rxd1 Ng4 11. Nf3 Nc6 12. c3 Be6 13. h3 Rad8 14. Re1 Nf6
15. Na3 h6 16. g4 a6 17. f5 Bc8 18. Bf4 h5 19. Nh2 hxg4 20. hxg4 Nd7 21. Nc4
Nde5 22. Nxe5 Bxe5 23. Be3 b6 24. Nf3 Bg3 25. Red1 Bb7 26. Bg5 f6 27. Bh4 Bf4
28. fxg6 Na5 29. g5 Bxe4 30. Rxd8 Rxd8 31. gxf6 exf6 32. Bxf6 Rf8 33. Bh4 Be3+
34. Bf2 Nc4 35. Re1 Bxf2+ 36. Kxf2 Nd2 37. Re3 Bxg6 38. Kg3 Nc4 39. Re6 Bf5 40.
Re7 Nxb2 41. Ng5 Nd3 42. Bd5+ Kh8 43. Ra7 Ne5 44. Kf4 Nd3+ 45. Ke3 Re8+ 46. Kd2
Ne5 47. Nf7+ Nxf7 48. Bxf7 Rd8+ 49. Kc1 Rd7 50. Rxd7 Bxd7 51. Kb2 Kg7 52. Bd5
Kf6 53. a3 Ke5 54. Bf3 Kf4 55. Bd5 Ke3 56. Bf7 Kd2 57. Bd5 b5 58. Bf7 c4 59.
Bd5 a5 60. Bf7 b4 61. axb4 axb4 62. Bg6 bxc3+ 63. Kb1 Ba4 64. Ka2 c2 0-1

[Event "Power Solutions Arctic Chess NGP 2026"]
[Site "UiT Campus Alta"]
[Date "2026.02.20"]
[Round "4"]
[White "Røyset, Pål"]
[Black "Solskjær, Frode"]
[Result "1/2-1/2"]
[WhiteElo "2084"]
[BlackElo "1926"]
[PlyCount "101"]
[EventDate "2026.??.??"]

1. e4 c5 2. Nc3 e6 3. Nf3 a6 4. d4 cxd4 5. Nxd4 Qc7 6. Bd3 Nf6 7. O-O Be7 8.
Qe2 d6 9. f4 Nc6 10. Nxc6 bxc6 11. e5 Nd5 12. Bd2 Nxc3 13. Bxc3 d5 14. Rf3 g6
15. b3 c5 16. Rh3 Bb7 17. Be1 a5 18. Bb5+ Kf8 19. a4 Rc8 20. Qd2 Bd8 21. Bg3 c4
22. bxc4 dxc4 23. Rd1 Be4 24. f5 Bxf5 25. Qh6+ Kg8 26. Rh4 Be7 27. Rxc4 Qb6+
28. Bf2 Qb8 29. Rxc8+ Qxc8 30. c4 Qf8 31. Qe3 Kg7 32. Rd7 h6 33. Qa7 Bb4 34. c5
Bc3 35. Qc7 g5 36. h3 Bg6 37. Bc4 Qb8 38. Bxe6 Qxc7 39. Rxc7 Bxe5 40. Rb7 Rb8
41. c6 Rxb7 42. cxb7 fxe6 43. Ba7 Be4 44. b8=Q Bxb8 45. Bxb8 Bc6 46. Bc7 Bxa4
47. Bxa5 h5 48. g3 Kf6 49. Kf2 Kf5 50. Ke3 Bc6 51. Bc7 1/2-1/2

[Event "Power Solutions Arctic Chess NGP 2026"]
[Site "UiT Campus Alta"]
[Date "2026.02.20"]
[Round "4"]
[White "Jessen, Simon P."]
[Black "Hjerpbakk, Terje"]
[Result "1-0"]
[WhiteElo "2059"]
[BlackElo "1684"]
[PlyCount "99"]
[EventDate "2026.??.??"]

1. d4 d5 2. c4 dxc4 3. e4 e5 4. Nf3 exd4 5. Bxc4 Nc6 6. Bb5 Bc5 7. Qc2 Bb6 8.
a4 a6 9. Bxc6+ bxc6 10. a5 Ba7 11. Ne5 Ne7 12. O-O Bd7 13. Bd2 O-O 14. Bb4 Rb8
15. Nd3 Re8 16. Nd2 Nc8 17. Bc5 Qg5 18. f4 Qg6 19. Rf3 h5 20. f5 Qg5 21. Raf1
Bxc5 22. Nxc5 Qd8 23. Nxa6 Ra8 24. Nc5 Nd6 25. b4 Nb5 26. Ndb3 Bc8 27. Rd1 Qe7
28. Nxd4 Nxd4 29. Rxd4 Qe5 30. Qc3 Ba6 31. Nxa6 Rxa6 32. Rc4 c5 33. Rxc5 Qxe4
34. Rxc7 Rd6 35. Rf1 Qe2 36. Rc8 Rxc8 37. Qxc8+ Kh7 38. Qc5 Rd2 39. Qf2 Qd3 40.
Qf3 Qc2 41. Qxh5+ Kg8 42. Qg4 Kf8 43. f6 gxf6 44. Qh3 Rd1 45. Qh6+ Kg8 46. Qxf6
Rxf1+ 47. Qxf1 Qe4 48. b5 Qe3+ 49. Kh1 Qc5 50. Qb1 1-0

[Event "Power Solutions Arctic Chess NGP 2026"]
[Site "UiT Campus Alta"]
[Date "2026.02.20"]
[Round "4"]
[White "Heier, Odin N."]
[Black "Harila, Rune"]
[Result "1/2-1/2"]
[WhiteElo "2007"]
[BlackElo "1811"]
[PlyCount "72"]
[EventDate "2026.??.??"]

1. d4 d5 2. Bf4 c5 3. e3 Nc6 4. c3 cxd4 5. exd4 Bf5 6. Qb3 Qd7 7. Nf3 f6 8. Be2
e6 9. O-O Nge7 10. Re1 Ng6 11. Bg3 Be7 12. h4 Bg4 13. Nbd2 O-O 14. Nh2 Bxe2 15.
Rxe2 Rfe8 16. Rae1 Nf8 17. Nhf3 Bd6 18. Bxd6 Qxd6 19. Nf1 Re7 20. Ne3 Rae8 21.
h5 Kh8 22. g3 Na5 23. Qb5 Nc6 24. Nh4 Qc7 25. Kh2 Qd7 26. f4 g6 27. Ng4 Kg7 28.
h6+ Kf7 29. Nf2 e5 30. fxe5 fxe5 31. dxe5 Nxe5 32. Qxd7 Nfxd7 33. Kg2 Nc4 34.
Rxe7+ Rxe7 35. Rxe7+ Kxe7 36. b3 Nce5 1/2-1/2

[Event "Power Solutions Arctic Chess NGP 2026"]
[Site "UiT Campus Alta"]
[Date "2026.02.20"]
[Round "4"]
[White "Mikalsen, Bengt A."]
[Black "Rustan, Elias B."]
[Result "0-1"]
[WhiteElo "1812"]
[BlackElo "1986"]
[PlyCount "92"]
[EventDate "2026.??.??"]

1. d4 d5 2. c4 e6 3. Nf3 Nf6 4. g3 dxc4 5. Bg2 Bb4+ 6. Bd2 c5 7. Bxb4 cxb4 8.
Qa4+ Nc6 9. Ne5 O-O 10. Nxc6 bxc6 11. Qxb4 Qxd4 12. Bxc6 Rd8 13. O-O a5 14. Qe7
Ra7 15. Qa3 Qb6 16. Bg2 Bb7 17. Nc3 Bxg2 18. Kxg2 Qb7+ 19. Kg1 Qb4 20. Qxb4
axb4 21. Nb5 Rb7 22. Rfd1 Rd5 23. a4 Kf8 24. Rdc1 Rd2 25. Rxc4 Rxb2 26. e4 Nd7
27. Rc7 Rxc7 28. Nxc7 b3 29. Kg2 Nc5 30. a5 Ra2 31. Rd1 Rxa5 32. Rd8+ Ke7 33.
Rb8 Ra7 34. Nb5 Rb7 35. Rxb7+ Nxb7 36. Nc3 Kd6 37. Kf3 Kc5 38. Ke3 Kb4 39. Kd2
Nd6 40. Kd3 Nc4 41. Nb1 Ne5+ 42. Ke3 Nc4+ 43. Kd3 Na3 44. Nd2 b2 45. Kd4 b1=Q
46. Nxb1 Nxb1 0-1

[Event "Power Solutions Arctic Chess NGP 2026"]
[Site "UiT Campus Alta"]
[Date "2026.02.20"]
[Round "4"]
[White "Aanes, Kjell"]
[Black "Roover, Nikolay J. D."]
[Result "1/2-1/2"]
[WhiteElo "1872"]
[BlackElo "1966"]
[PlyCount "41"]
[EventDate "2026.??.??"]

1. e4 Nc6 2. Nc3 d6 3. d4 g6 4. Be3 Nf6 5. Be2 Bg7 6. h3 O-O 7. Qd2 a6 8. Bf3
Re8 9. Nge2 Rb8 10. O-O Na5 11. b3 b5 12. a3 Bb7 13. Rad1 Nc6 14. Rfe1 e5 15.
d5 Ne7 16. g4 Nd7 17. Ng3 Rf8 18. Bh6 Bxh6 19. Qxh6 Kh8 20. h4 Ng8 21. Qg5
1/2-1/2

[Event "Power Solutions Arctic Chess NGP 2026"]
[Site "UiT Campus Alta"]
[Date "2026.02.20"]
[Round "4"]
[White "Myren, Matias"]
[Black "Gressli, Kristoffer"]
[Result "1-0"]
[WhiteElo "1770"]
[BlackElo "1894"]
[PlyCount "57"]
[EventDate "2026.??.??"]

1. d4 f5 2. Bg5 Nf6 3. Bxf6 exf6 4. e3 b6 5. c4 d5 6. cxd5 Qxd5 7. Nc3 Bb4 8.
Nh3 Bb7 9. Nf4 Bxc3+ 10. bxc3 Qf7 11. Be2 Nd7 12. Qa4 c6 13. Bc4 Qe7 14. Qc2 g6
15. O-O O-O-O 16. a4 a6 17. Qe2 g5 18. Nh3 h5 19. Bxa6 f4 20. Bxb7+ Kxb7 21. a5
Ra8 22. axb6 f5 23. Ra7+ Rxa7 24. bxa7 Ka8 25. Qa6 Qe4 26. Nxg5 Qd5 27. Rb1 c5
28. c4 Qe4 29. Nxe4 1-0

[Event "Power Solutions Arctic Chess NGP 2026"]
[Site "UiT Campus Alta"]
[Date "2026.02.20"]
[Round "4"]
[White "Sjogren, Oddbjorn"]
[Black "Noer, Andreas"]
[Result "0-1"]
[WhiteElo "1810"]
[BlackElo "1739"]
[PlyCount "118"]
[EventDate "2026.??.??"]

1. e4 c6 2. f4 d5 3. e5 Bf5 4. d4 e6 5. Bd3 Bxd3 6. Qxd3 Nd7 7. Nf3 c5 8. c3
cxd4 9. cxd4 Ne7 10. O-O Nc6 11. a3 Be7 12. f5 Qb6 13. fxe6 fxe6 14. b4 Ndxe5
15. Nxe5 Nxe5 16. Qe3 Nc4 17. Qd3 Bf6 18. Rxf6 gxf6 19. Kh1 Qd6 20. Nc3 O-O 21.
Bh6 Rf7 22. Rf1 Qd7 23. Qg3+ Kh8 24. Qh4 Qe7 25. Re1 Rd8 26. Ne2 e5 27. Nf4 Qd7
28. Nh5 Qf5 29. Ng3 Qg6 30. Rf1 Rg8 31. Qh3 Qg4 32. Qxg4 Rxg4 33. Nf5 e4 34.
Bf4 Rg6 35. h4 h5 36. Ng3 Rh7 37. Kh2 a6 38. a4 Kg8 39. Rc1 Rg4 40. Rf1 Rxh4+
41. Kg1 Rg4 42. Bb8 h4 43. Nf5 h3 44. g3 Kf7 45. Kh2 Ke6 46. Nh4 Nd2 47. Rf2
Nf3+ 48. Kxh3 Rg8 49. Ba7 Rgh8 50. Kg2 Nxh4+ 51. gxh4 Rxh4 52. Rf1 Rh2+ 53. Kg3
R8h3+ 54. Kg4 Rh8 55. Kg3 Rb2 56. Bc5 Rb3+ 57. Kg4 Rg8+ 58. Kh4 f5 59. b5 Rg4+
0-1

[Event "Power Solutions Arctic Chess NGP 2026"]
[Site "UiT Campus Alta"]
[Date "2026.02.20"]
[Round "4"]
[White "Wilhelmsen, Vegard"]
[Black "Wilhelmsen, Jim L."]
[Result "1-0"]
[WhiteElo "1770"]
[BlackElo "1763"]
[PlyCount "118"]
[EventDate "2026.??.??"]

1. d4 e6 2. Nf3 f5 3. Bf4 Nf6 4. e3 b6 5. Be2 Bb7 6. O-O Bd6 7. c4 Bxf4 8. exf4
O-O 9. Nc3 Ne4 10. Rc1 Na6 11. Re1 Qf6 12. Ne5 Rad8 13. Bf3 Nxc3 14. Rxc3 Bxf3
15. Nxf3 Nb4 16. a3 Nc6 17. d5 exd5 18. Qxd5+ Qf7 19. Qxf7+ Kxf7 20. Ng5+ Kg6
21. Rce3 Nd4 22. Rd1 Nc6 23. Rg3 Kh6 24. Rh3+ Kg6 25. Nxh7 Rfe8 26. Ng5 Re2 27.
b4 Rde8 28. Re3 Nd4 29. Kf1 R2xe3 30. fxe3 Nc2 31. Rxd7 Nxe3+ 32. Kg1 Ng4 33.
Nf3 Re3 34. Ne5+ Nxe5 35. fxe5 Rxa3 36. Rxc7 Rb3 37. b5 Rc3 38. e6 Kf6 39. e7
Kf7 40. h4 g6 41. Rxa7 Rxc4 42. Rb7 Rxh4 43. Rxb6 Re4 44. Rb7 Rxe7 45. Rxe7+
Kxe7 46. Kf2 Kd6 47. Ke3 Kc5 48. Kf4 Kxb5 49. Kg5 Kc5 50. Kxg6 f4 51. Kf5 Kd6
52. Kxf4 Ke6 53. Kg5 Kf7 54. Kh6 Kg8 55. g4 Kh8 56. Kg6 Kg8 57. g5 Kh8 58. Kf7
Kh7 59. g6+ Kh6 1-0

[Event "Power Solutions Arctic Chess NGP 2026"]
[Site "UiT Campus Alta"]
[Date "2026.02.20"]
[Round "5"]
[White "Urkedal, Frode O. O."]
[Black "Grave, Jacob T."]
[Result "1/2-1/2"]
[WhiteElo "2569"]
[BlackElo "2382"]
[PlyCount "76"]
[EventDate "2026.??.??"]

1. d4 d5 2. c4 e6 3. Nc3 Nf6 4. cxd5 exd5 5. Bg5 c6 6. e3 Bd6 7. Bd3 O-O 8. Nf3
Re8 9. O-O Bg4 10. Qb3 Na6 11. Rae1 Bxf3 12. gxf3 Qd7 13. Kg2 Ne4 14. Nxe4 dxe4
15. Be2 Nc7 16. Rg1 Qf5 17. f4 h6 18. Bh4 Nd5 19. Qd1 Qd7 20. Kh1 Bb4 21. Ref1
Qh3 22. Bg3 Nf6 23. Qb3 Bf8 24. Qxb7 Rab8 25. Qxa7 Ra8 26. Qb7 Reb8 27. Qxc6
Rxa2 28. Bc4 Raxb2 29. f5 R8b6 30. Qc7 Qh5 31. Be5 Rb7 32. Qc6 Qf3+ 33. Rg2
Rxf2 34. Rfxf2 Rb1+ 35. Bf1 Rxf1+ 36. Rxf1 Qxf1+ 37. Rg1 Qf3+ 38. Rg2 Qf1+
1/2-1/2

[Event "Power Solutions Arctic Chess NGP 2026"]
[Site "UiT Campus Alta"]
[Date "2026.02.20"]
[Round "5"]
[White "Vestby-Ellingsen, Mads"]
[Black "Kaasen, Tor F."]
[Result "0-1"]
[WhiteElo "2386"]
[BlackElo "2476"]
[PlyCount "64"]
[EventDate "2026.??.??"]

1. d4 d5 2. c4 c6 3. Nf3 Nf6 4. g3 g6 5. Bg2 Bg7 6. O-O O-O 7. Nc3 dxc4 8. e4
b5 9. Qe2 b4 10. Na4 Qa5 11. Nc5 Nfd7 12. Nxd7 Nxd7 13. Rd1 Ba6 14. e5 e6 15.
h4 c5 16. d5 c3 17. Qc2 exd5 18. bxc3 Rae8 19. Rxd5 Nxe5 20. cxb4 Nxf3+ 21.
Bxf3 Re1+ 22. Kh2 Qb6 23. Rb1 cxb4 24. Rc5 Bd3 25. Qxd3 Qxc5 26. Be3 Qc3 27.
Qxc3 Bxc3 28. Rxe1 Bxe1 29. Bxa7 Rd8 30. Be3 Bd2 31. Bc5 Bc3 32. Be2 Ra8 0-1

[Event "Power Solutions Arctic Chess NGP 2026"]
[Site "UiT Campus Alta"]
[Date "2026.02.20"]
[Round "5"]
[White "Sivaparan, Isai"]
[Black "Hansen, Torbjørn R."]
[Result "1/2-1/2"]
[WhiteElo "1983"]
[BlackElo "2407"]
[PlyCount "78"]
[EventDate "2026.??.??"]

1. e4 c6 2. d4 d5 3. e5 Bf5 4. Nf3 e6 5. Be2 a5 6. a4 Nd7 7. O-O f6 8. Nbd2 Nh6
9. exf6 Qxf6 10. Nb3 Bd6 11. Bg5 Qg6 12. Qd2 Nf7 13. Bh4 Qh6 14. Qxh6 Nxh6 15.
c3 Nf7 16. Rfe1 O-O 17. Nc1 e5 18. dxe5 Nfxe5 19. Nxe5 Nxe5 20. Bg3 Nf7 21.
Bxd6 Nxd6 22. Bd3 Rae8 23. Rxe8 Rxe8 24. Kf1 Ne4 25. f3 Nd2+ 26. Kf2 Bxd3 27.
Nxd3 Kf7 28. g4 Nc4 29. Re1 Rxe1 30. Kxe1 g5 31. Ke2 Kf6 32. b3 Ne5 33. Nb2 c5
34. Ke3 Ke6 35. h3 Nc6 36. Nd3 b6 37. f4 Kf6 38. f5 h5 39. Kd2 hxg4 1/2-1/2

[Event "Power Solutions Arctic Chess NGP 2026"]
[Site "UiT Campus Alta"]
[Date "2026.02.20"]
[Round "5"]
[White "Kreken, Eivind G."]
[Black "Lund, Gunnar"]
[Result "1/2-1/2"]
[WhiteElo "2347"]
[BlackElo "2314"]
[PlyCount "48"]
[EventDate "2026.??.??"]

1. d4 d5 2. c4 c6 3. Nf3 Nf6 4. Nc3 e6 5. Bg5 Nbd7 6. e3 Be7 7. Qc2 O-O 8. Rd1
h6 9. Bh4 b6 10. cxd5 exd5 11. Bd3 Bb7 12. O-O Re8 13. Rfe1 Ne4 14. Bxe4 Bxh4
15. Bh7+ Kh8 16. Nxh4 Qxh4 17. Bf5 Nf6 18. b4 Bc8 19. b5 Qg5 20. Bxc8 Rexc8 21.
bxc6 Rxc6 22. Qd3 Rac8 23. Nb5 Ne4 24. f3 Rc2 1/2-1/2

[Event "Power Solutions Arctic Chess NGP 2026"]
[Site "UiT Campus Alta"]
[Date "2026.02.20"]
[Round "5"]
[White "Nielsen, André Z."]
[Black "Bashylina, Luisa"]
[Result "1-0"]
[WhiteElo "2301"]
[BlackElo "2145"]
[PlyCount "95"]
[EventDate "2026.??.??"]

1. e4 e5 2. Nf3 Nc6 3. d4 exd4 4. Nxd4 Bb4+ 5. c3 Bc5 6. Be3 Bb6 7. Nf5 g6 8.
Bxb6 axb6 9. Ne3 Nf6 10. f3 d6 11. c4 Nh5 12. Qd2 f5 13. exf5 Bxf5 14. Nxf5
gxf5 15. Nc3 Qh4+ 16. Qf2 Qg5 17. Qd2 Qh4+ 18. Qf2 Qg5 19. g3 O-O-O 20. Qd2
Rhe8+ 21. Be2 Qxd2+ 22. Kxd2 Nd4 23. Rae1 Nf6 24. Bd1 Rxe1 25. Rxe1 d5 26. cxd5
Nxd5 27. Nxd5 Rxd5 28. Kc1 Rd6 29. h4 Rh6 30. Re7 Kd8 31. Rf7 b5 32. Kd2 b6 33.
Ke3 c5 34. Bb3 Ke8 35. Rb7 Kf8 36. Rb8+ Kg7 37. Rg8+ Kf6 38. Rf8+ Ke5 39. Bg8
b4 40. Rb8 b5 41. f4+ Kf6 42. Rc8 Rg6 43. Rxc5 Rxg8 44. Kxd4 Rxg3 45. Rxb5 Rg4
46. Rb6+ Kf7 47. Ke5 Rxh4 48. Rxb4 1-0

[Event "Power Solutions Arctic Chess NGP 2026"]
[Site "UiT Campus Alta"]
[Date "2026.02.20"]
[Round "5"]
[White "Bruaset, Eivind"]
[Black "Hammari, Vinjar"]
[Result "1/2-1/2"]
[WhiteElo "2215"]
[BlackElo "2101"]
[PlyCount "49"]
[EventDate "2026.??.??"]

1. e4 c6 2. d4 d5 3. Nc3 dxe4 4. Nxe4 Nf6 5. Nxf6+ exf6 6. c3 Bd6 7. Bd3 O-O 8.
Qc2 Re8+ 9. Ne2 h5 10. O-O h4 11. h3 Nd7 12. Bd2 Nf8 13. Rae1 Qc7 14. f4 c5 15.
f5 cxd4 16. Nxd4 Bd7 17. Rxe8 Rxe8 18. Re1 Bh2+ 19. Kh1 Rxe1+ 20. Bxe1 Bg3 21.
Qe2 Qf4 22. Bd2 Qd6 23. Be1 Qf4 24. Bd2 Qd6 25. Be1 1/2-1/2

[Event "Power Solutions Arctic Chess NGP 2026"]
[Site "UiT Campus Alta"]
[Date "2026.02.20"]
[Round "5"]
[White "Solbu, Lasse T."]
[Black "Aamodt, Peder M."]
[Result "1/2-1/2"]
[WhiteElo "1958"]
[BlackElo "2189"]
[PlyCount "133"]
[EventDate "2026.??.??"]

1. e4 c5 2. Nc3 a6 3. g3 e6 4. Bg2 Nc6 5. Nge2 Nf6 6. O-O Qc7 7. a4 Be7 8. d3
O-O 9. h3 d5 10. exd5 exd5 11. Bg5 d4 12. Bxf6 Bxf6 13. Nd5 Qd8 14. Nxf6+ Qxf6
15. Nf4 Nb4 16. Qd2 g5 17. Ne2 h5 18. c3 Nc6 19. cxd4 cxd4 20. Rfc1 Bf5 21. Rc5
Rad8 22. g4 hxg4 23. hxg4 Bg6 24. Rxg5 Rfe8 25. Ng3 Re5 26. Ne4 Qe7 27. f4 Rxg5
28. Nxg5 f6 29. Re1 Qb4 30. Qxb4 Nxb4 31. Ne6 Rd6 32. f5 Bf7 33. Nf4 Nc6 34.
Bxc6 Rxc6 35. Re7 Rb6 36. Rd7 Rxb2 37. Rxd4 b5 38. axb5 axb5 39. Rd6 Kg7 40.
Ne6+ Bxe6 41. fxe6 Kf8 42. Rd7 b4 43. d4 Rd2 44. Rb7 Rxd4 45. Kf2 Rxg4 46. Rf7+
Ke8 47. Rxf6 b3 48. Ke3 Rg3+ 49. Kd2 Ke7 50. Rf7+ Kxe6 51. Rb7 Kd5 52. Kc1 Kc4
53. Kb2 Rg2+ 54. Kb1 Rg4 55. Kb2 Rg2+ 56. Kb1 Rd2 57. Rc7+ Kb5 58. Rb7+ Ka4 59.
Ra7+ Kb4 60. Rb7+ Kc3 61. Rc7+ Kd3 62. Rd7+ Ke2 63. Re7+ Kd1 64. Rb7 Rc2 65.
Rxb3 Rc1+ 66. Kb2 Rc2+ 67. Ka3 1/2-1/2

[Event "Power Solutions Arctic Chess NGP 2026"]
[Site "UiT Campus Alta"]
[Date "2026.02.20"]
[Round "5"]
[White "Austad, Eirik S."]
[Black "Solbu, August"]
[Result "1-0"]
[WhiteElo "2155"]
[BlackElo "1949"]
[PlyCount "85"]
[EventDate "2026.??.??"]

1. Nf3 d5 2. d4 Nf6 3. c4 e6 4. g3 Bd6 5. Bg2 O-O 6. O-O Nc6 7. Nbd2 a5 8. b3
Ne4 9. Nxe4 dxe4 10. Ne1 f5 11. Nc2 e5 12. d5 Ne7 13. Qd2 b6 14. Ba3 Bb7 15.
Rfd1 Qd7 16. Bb2 Rad8 17. e3 c6 18. dxc6 Bxc6 19. Qc3 Qe6 20. Rd2 Rd7 21. Rad1
Rfd8 22. Bf1 Kh8 23. a3 Ng6 24. Be2 Bf8 25. Rxd7 Rxd7 26. Rxd7 Qxd7 27. h4 Bd6
28. h5 Nf8 29. c5 Bxc5 30. Qxe5 h6 31. Nd4 Bxd4 32. Bxd4 b5 33. Bc3 a4 34. bxa4
bxa4 35. Qb8 Qe8 36. Qd6 Kh7 37. Bc4 Bd7 38. Qd4 Qe7 39. Bb4 Qe8 40. Bxf8 Qxf8
41. Qxd7 f4 42. Bf7 fxe3 43. fxe3 1-0

[Event "Power Solutions Arctic Chess NGP 2026"]
[Site "UiT Campus Alta"]
[Date "2026.02.20"]
[Round "5"]
[White "Brasøy, Aksel"]
[Black "Skaar, Ben S. G."]
[Result "0-1"]
[WhiteElo "1952"]
[BlackElo "2152"]
[PlyCount "88"]
[EventDate "2026.??.??"]

1. e4 e5 2. Nf3 Nc6 3. Bb5 a6 4. Ba4 Nf6 5. O-O b5 6. Bb3 Bc5 7. c3 d6 8. d3 h6
9. h3 O-O 10. a4 Rb8 11. axb5 axb5 12. Na3 b4 13. Nc4 bxc3 14. bxc3 Bd7 15. Be3
Bxe3 16. Nxe3 Ne7 17. Nh4 g5 18. Nhf5 Bxf5 19. Nxf5 Nxf5 20. exf5 Qd7 21. g4
Qc6 22. Ra3 Ra8 23. Rxa8 Rxa8 24. Qd2 Rb8 25. Bd1 Nd5 26. Bf3 Qxc3 27. Qxc3
Nxc3 28. Rc1 Rb1 29. Rxb1 Nxb1 30. Bc6 f6 31. Kg2 Kf7 32. Kg3 Nc3 33. Kf3 d5
34. Ke3 Ke7 35. Kd2 Kd6 36. Bb7 Nb5 37. Ke3 Kc5 38. Ba6 Nd6 39. d4+ exd4+ 40.
Ke2 Kb4 41. Bd3 Kc3 42. Bb1 c5 43. f4 gxf4 44. h4 c4 0-1

[Event "Power Solutions Arctic Chess NGP 2026"]
[Site "UiT Campus Alta"]
[Date "2026.02.20"]
[Round "5"]
[White "Hagesather, Ellen"]
[Black "Aanes, Kjell"]
[Result "1-0"]
[WhiteElo "2145"]
[BlackElo "1872"]
[PlyCount "79"]
[EventDate "2026.??.??"]

1. Nf3 b5 2. e4 Bb7 3. d3 e6 4. g3 Be7 5. Bg2 Nc6 6. d4 d5 7. exd5 exd5 8. O-O
Nf6 9. c3 O-O 10. Nbd2 a6 11. a4 b4 12. a5 Rb8 13. Qc2 bxc3 14. bxc3 Na7 15.
Ne5 Nb5 16. Nb3 Nd7 17. Nd3 Bd6 18. h4 h6 19. Bf4 Qf6 20. Bxd6 cxd6 21. Qd2
Rfc8 22. Rac1 Rc7 23. Nf4 Rbc8 24. Bxd5 Na3 25. Qe2 Nb5 26. Bxb7 Rxb7 27. Nd5
Qd8 28. Ne7+ Kh8 29. Nxc8 Qxc8 30. c4 Na7 31. Rb1 Rb4 32. Nd2 Rxb1 33. Rxb1 Nc6
34. Qg4 Qc7 35. Qf4 Ndb8 36. c5 Qxa5 37. d5 Qxc5 38. dxc6 Nxc6 39. Ne4 Qc2 40.
Nxd6 1-0

[Event "Power Solutions Arctic Chess NGP 2026"]
[Site "UiT Campus Alta"]
[Date "2026.02.20"]
[Round "5"]
[White "Verbin, Valentina"]
[Black "Solbakken, Mikkel D."]
[Result "1-0"]
[WhiteElo "2140"]
[BlackElo "1934"]
[PlyCount "51"]
[EventDate "2026.??.??"]

1. d4 Nf6 2. c4 g6 3. g3 Bg7 4. Bg2 O-O 5. Nc3 c6 6. e4 d6 7. Nf3 e5 8. O-O
Nbd7 9. h3 a5 10. Be3 Qe7 11. Qc2 h6 12. Rad1 Ne8 13. Nh4 exd4 14. Bxd4 Ne5 15.
Na4 Bf6 16. Nb6 Rb8 17. c5 Bxh4 18. cxd6 Nxd6 19. Bc5 Rd8 20. gxh4 f6 21. f4
Nef7 22. Nxc8 Rbxc8 23. e5 fxe5 24. Qxg6+ Kh8 25. fxe5 Qxe5 26. Bd4 1-0